<?xml version="1.0" encoding="UTF-8"?>
<record
    xmlns:xsi="http://www.w3.org/2001/XMLSchema-instance"
    xsi:schemaLocation="http://www.loc.gov/MARC21/slim http://www.loc.gov/standards/marcxml/schema/MARC21slim.xsd"
    xmlns="http://www.loc.gov/MARC21/slim">

  <leader>01190nam2a2200265   4500</leader>
  <controlfield tag="001">RU\NLR\BIBL_A\016218391</controlfield>
  <controlfield tag="005">20230127170445.0</controlfield>
  <datafield tag="010" ind1=" " ind2=" ">
    <subfield code="a">978-5-389-21671-6</subfield>
    <subfield code="9">7000</subfield>
  </datafield>
  <datafield tag="021" ind1=" " ind2=" ">
    <subfield code="a">RU</subfield>
    <subfield code="b">&#x410;&#x41B;-&#x41F;-22-00987&#x438;</subfield>
    <subfield code="9">&#x410;&#x41B;-&#x41F;-22-0195</subfield>
  </datafield>
  <datafield tag="035" ind1=" " ind2=" ">
    <subfield code="a">(NLR Aleph) 016218391</subfield>
  </datafield>
  <datafield tag="035" ind1=" " ind2=" ">
    <subfield code="a">(RuMoRGB)011324736</subfield>
  </datafield>
  <datafield tag="090" ind1=" " ind2=" ">
    <subfield code="a">12730120</subfield>
    <subfield code="c">12730120</subfield>
  </datafield>
  <datafield tag="100" ind1=" " ind2=" ">
    <subfield code="a">20221125d2022    u  y0rusy50      ca</subfield>
  </datafield>
  <datafield tag="101" ind1="1" ind2=" ">
    <subfield code="a">rus</subfield>
    <subfield code="c">eng</subfield>
  </datafield>
  <datafield tag="102" ind1=" " ind2=" ">
    <subfield code="a">RU</subfield>
  </datafield>
  <datafield tag="105" ind1=" " ind2=" ">
    <subfield code="a">a   t   000ay</subfield>
  </datafield>
  <datafield tag="200" ind1="0" ind2=" ">
    <subfield code="a">&#x41A;&#x43D;. 1</subfield>
  </datafield>
  <datafield tag="210" ind1=" " ind2=" ">
    <subfield code="d">2022</subfield>
  </datafield>
  <datafield tag="215" ind1=" " ind2=" ">
    <subfield code="a">[384] &#x441;.</subfield>
    <subfield code="c">&#x438;&#x43B;., &#x446;&#x432;. &#x438;&#x43B;.</subfield>
  </datafield>
  <datafield tag="320" ind1=" " ind2=" ">
    <subfield code="a">&#x414;&#x440;. &#x43A;&#x43D;. &#x430;&#x432;&#x442;. &#x43D;&#x430; 3-&#x439; &#x441;. &#x441;&#x443;&#x43F;&#x435;&#x440;&#x43E;&#x431;&#x43B;.</subfield>
  </datafield>
  <datafield tag="461" ind1=" " ind2="0">
    <subfield code="1">001RU\NLR\BIBL_A\016218385</subfield>
    <subfield code="1">2001#$a&#x41F;&#x440;&#x43E;&#x43F;&#x43E;&#x432;&#x435;&#x434;&#x43D;&#x438;&#x43A;$e&#x433;&#x440;&#x430;&#x444;&#x438;&#x447;&#x435;&#x441;&#x43A;&#x438;&#x439; &#x440;&#x43E;&#x43C;&#x430;&#x43D;$f&#x413;&#x430;&#x440;&#x442; &#x42D;&#x43D;&#x43D;&#x438;&#x441;$g&#x410;&#x43B;&#x435;&#x43A;&#x441;&#x430;&#x43D;&#x434;&#x440; &#x41B;&#x438;&#x441;&#x43E;&#x432;&#x441;&#x43A;&#x438;&#x439; - &#x43F;&#x435;&#x440;&#x435;&#x432;&#x43E;&#x434; &#x441; &#x430;&#x43D;&#x433;&#x43B;.$g&#x445;&#x443;&#x434;&#x43E;&#x436;&#x43D;&#x438;&#x43A; &#x421;&#x442;&#x438;&#x432; &#x414;&#x438;&#x43B;&#x43B;&#x43E;&#x43D;$v&#x41A;&#x43D;. 1</subfield>
    <subfield code="1">700#1$a&#x42D;&#x43D;&#x43D;&#x438;&#x441;$b&#x413;.$f1970-$g&#x413;&#x430;&#x440;&#x442;$3RU\NLR\AUTH\770157632</subfield>
    <subfield code="9">12730099</subfield>
    <subfield code="a">&#x42D;&#x43D;&#x43D;&#x438;&#x441;, &#x413;. (1970-)</subfield>
    <subfield code="c">&#x421;&#x430;&#x43D;&#x43A;&#x442;-&#x41F;&#x435;&#x442;&#x435;&#x440;&#x431;&#x443;&#x440;&#x433;</subfield>
    <subfield code="d">2022</subfield>
    <subfield code="f">&#x413;&#x430;&#x440;&#x442; &#x42D;&#x43D;&#x43D;&#x438;&#x441;</subfield>
    <subfield code="n">&#x410;&#x437;&#x431;&#x443;&#x43A;&#x430;</subfield>
    <subfield code="o">&#x433;&#x440;&#x430;&#x444;&#x438;&#x447;&#x435;&#x441;&#x43A;&#x438;&#x439; &#x440;&#x43E;&#x43C;&#x430;&#x43D;</subfield>
    <subfield code="t">&#x41F;&#x440;&#x43E;&#x43F;&#x43E;&#x432;&#x435;&#x434;&#x43D;&#x438;&#x43A;</subfield>
    <subfield code="v">&#x41A;&#x43D;. 1</subfield>
  </datafield>
  <datafield tag="942" ind1=" " ind2=" ">
    <subfield code="c">BOOK</subfield>
  </datafield>
  <datafield tag="980" ind1=" " ind2=" ">
    <subfield code="a">NB</subfield>
  </datafield>
  <datafield tag="995" ind1=" " ind2=" ">
    <subfield code="5">2022-11-25</subfield>
    <subfield code="a">ad</subfield>
    <subfield code="b">NLR01</subfield>
    <subfield code="c">NLR01</subfield>
    <subfield code="e">RF81</subfield>
    <subfield code="f">1-3900205</subfield>
    <subfield code="k">2022-7/8857</subfield>
    <subfield code="o">0</subfield>
    <subfield code="p">0.00</subfield>
    <subfield code="r">BOOK</subfield>
    <subfield code="s">202278857_</subfield>
  </datafield>
  <datafield tag="995" ind1=" " ind2=" ">
    <subfield code="5">2022-11-25</subfield>
    <subfield code="a">ad</subfield>
    <subfield code="b">NLR01</subfield>
    <subfield code="c">NLR01</subfield>
    <subfield code="e">OBM</subfield>
    <subfield code="f">1-3900206</subfield>
    <subfield code="o">0</subfield>
    <subfield code="p">0.00</subfield>
    <subfield code="r">BOOK</subfield>
  </datafield>
</record>
